Вып. 42 : Экономические исследования в горном деле: [сборник статей]; Научные сообщения

Bibliographische Detailangaben
Parent link:Научные сообщения: [сборник статей]/ Академия наук СССР (АН СССР), Институт горного дела им. А. А. Скочинского (ИГД); отв. ред. Г. Д. Лидин. Вып. 42 : Экономические исследования в горном деле.— .— Москва: Недра, 1959-1988
Weitere Verfasser: Звягин П. З. (редактор)
Sprache:Russisch
Veröffentlicht: 1967
Schlagworte:
Format: Buch
KOHA link:https://koha.lib.tpu.ru/cgi-bin/koha/opac-detail.pl?biblionumber=677622

MARC

LEADER 00000nam2a2200000 4500
001 677622
005 20250115161656.0
035 |a (RuTPU)RU\TPU\book\136476 
090 |a 677622 
100 |a 20241219d1967 k y0rusy50 ca 
101 0 |a rus 
102 |a RU 
105 |a a z 001zy 
181 0 |a i   |b  e  
182 0 |a n 
183 0 |a nc  |2 RDAcarrier 
200 0 |a Вып. 42 : Экономические исследования в горном деле  |e [сборник статей]  |f отв. ред. П. З. Звягин 
203 |a Текст  |b визуальный  |c непосредственный 
210 |d 1967 
215 |a 120 с.  |c ил. 
283 |a volume  |2 RDAcarrier 
320 |a Библиогр. в конце ст. 
461 1 |0 677189  |9 677189  |t Научные сообщения  |o [сборник статей]  |f Академия наук СССР (АН СССР), Институт горного дела им. А. А. Скочинского (ИГД)  |g отв. ред. Г. Д. Лидин  |c Москва  |n Недра  |n Госгортехиздат  |d 1959-1988  |v Вып. 42 : Экономические исследования в горном деле 
606 1 |a Горное дело  |9 35173 
606 1 |a Угольная промышленность  |x Научно-исследовательская работа  |x Управление  |x Автоматизация  |9 79608 
610 1 |a Печорский бассейн 
610 1 |a узкозахватные комплексы 
610 1 |a угольные шахты 
610 1 |a рабочее время 
610 1 |a добыча 
610 1 |a себестоимость 
610 1 |a экономическая эффективность 
610 1 |a методики расчета 
610 1 |a подготовительные выработки 
610 1 |a очистные выемки 
610 1 |a механизация 
610 1 |a железнодорожные пути 
610 1 |a развитие 
610 1 |a параметры 
610 1 |a планирование 
610 1 |a горноэкономические задачи 
610 1 |a оплата труда 
675 |a 622  |v 4 
675 |a 622.333  |v 4 
702 1 |a Звягин  |b П. З.  |4 340 
801 1 |a RU  |b 63413507  |c 20241219  |g PSBO 
801 2 |a RU  |b 63413507  |c 20241219  |g PSBO 
942 |c CR